Is your business ready for the single farm payment? (Record no. 117925)

MARC details
000 -LEADER
fixed length control field 01086cam a2200253 4500
001 - CONTROL NUMBER
control field ABS68171
008 - FIXED-LENGTH DATA ELEMENTS--GENERAL INFORMATION
fixed length control field 040831n2004 000 0 eng u
035 ## - SYSTEM CONTROL NUMBER
System control number (Sirsi) u127221
100 ## - MAIN ENTRY--PERSONAL NAME
Personal name Horne, S.
245 ## - TITLE STATEMENT
Title Is your business ready for the single farm payment?
260 ## - PUBLICATION, DISTRIBUTION, ETC.
Date of publication, distribution, etc. 2004
490 ## - SERIES STATEMENT
Series statement Farmers' Weekly
Volume/sequential designation 141(8) 20 August 2004, 12-14(3)
520 ## - SUMMARY, ETC.
Summary, etc. Advises farmers on organising their business properly in preparation for the single farm payment rules prior to the May 2005 Integrated Adminstration and Control System (IACS) form. Although little cropping change is expected in 2005, more change is expected once full details of new environmental schemes are available and farmers are advised to focus on securing entitlements.
590 ## - LOCAL NOTE (RLIN)
Local note ABS
590 ## - LOCAL NOTE (RLIN)
Local note ABS
650 ## - SUBJECT ADDED ENTRY--TOPICAL TERM
Topical term or geographic name entry element INTEGRATED ADMINISTRATION AND CONTROL SYSTEM
650 ## - SUBJECT ADDED ENTRY--TOPICAL TERM
Topical term or geographic name entry element SINGLE FARM PAYMENTS
650 ## - SUBJECT ADDED ENTRY--TOPICAL TERM
Topical term or geographic name entry element AGRI-ENVIRONMENTAL SCHEMES
650 ## - SUBJECT ADDED ENTRY--TOPICAL TERM
Topical term or geographic name entry element FARM BUSINESS TENANCIES
650 ## - SUBJECT ADDED ENTRY--TOPICAL TERM
Topical term or geographic name entry element SHORT-TERM LETS
650 ## - SUBJECT ADDED ENTRY--TOPICAL TERM
Topical term or geographic name entry element EC DIRECTIVES
690 ## - LOCAL SUBJECT ADDED ENTRY--TOPICAL TERM (OCLC, RLIN)
Topical term or geographic name as entry element RURAL-FARM BUSINESS MANAGEMENT
942 ## - ADDED ENTRY ELEMENTS (KOHA)
Suppress in OPAC 0
Holdings
Withdrawn status Lost status Source of classification or shelving scheme Damaged status Not for loan Home library Current library Shelving location Date acquired Total Checkouts Full call number Barcode Date last seen Copy number Price effective from Koha item type
    Dewey Decimal Classification     London London Journal article 31/08/2004   ABS68171 127221-1001 06/08/2019 1 06/08/2019 Journal article